Statistics for Crayola Crayons in a 24-pack

Click here to take the quiz!

General Stats

  • This quiz has been taken 472 times
  • The average score is 14 of 25

Answer Stats

HintAnswer% Correct
Red
99%
Blue
98%
Black
98%
Carnation Pink
98%
Orange
97%
Green
97%
Violet
97%
Yellow
96%
Brown
95%
Gray
82%
White
82%
Red Orange
44%
Yellow Green
38%
Indigo
37%
Blue Green
33%
Yellow Orange
32%
Scarlet
22%
Blue Violet
19%
Green Yellow
19%
Red Violet
17%
Cerulean
17%
Apricot
13%
Violet Red
11%
*Dandelion
10%
**Bluetiful
5%

Score Distribution

Percentile by Number Answered

Percent of People with Each Score

Your Score History

You have not taken this quiz